LEADER 00824nam0-2200313---450- 001 990009663060403321 005 20130109124235.0 010 $a978-88-7431-622-9 035 $a000966306 035 $aFED01000966306 035 $a(Aleph)000966306FED01 035 $a000966306 100 $a20130109d2012----km-y0itay50------ba 101 0 $aita 102 $aIT 105 $ay-------001yy 200 1 $aSu Luigi Pareyson$fFrancesco De Carolis 210 $aNapoli$cGiannini$d2012 215 $a60 p.$d24 cm 610 0 $aErmeneutica 676 $a121.686$v21$zita 700 1$aDe Carolis,$bFrancesco$0289355 801 0$aIT$bUNINA$gRICA$2UNIMARC 901 $aBK 912 $a990009663060403321 952 $aP.1 FER 194$bBIBL. 63037$fFLFBC 959 $aFLFBC 996 $aSu Luigi Pareyson$9840898 997 $aUNINA LEADER 01380nam0-2200361---450- 001 990000825320203316 005 20091215152833.0 010 $a88-14-02433-2 035 $a0082532 035 $aUSA010082532 035 $a(ALEPH)000082532USA01 035 $a0082532 100 $a20011228d1990----km-y0ITAy01------ba 101 $aita 102 $aIT 105 $a||||||||001yy 200 1 $a<> sistema informativo contabile delle imprese pubbliche locali$edisciplina legislativa, prassi bilanci preventivi, conti consuntivi$fGiosué Nicoletti$gintroduzione di Santo Laganà$gin collaborazione con Pubblitecnica SPA 210 $aMilano$cA. Giuffré$d1990 215 $aVII, 168 p$d24 cm 225 2 $aQuaderni SOGES per le aziende pubbliche e gli enti locali$v10 410 1$12001$aQuaderni SOGES per le aziende pubbliche e gli enti locali$v10 700 1$aNICOLETTI,$bGiosué$0369185 801 0$aIT$bsalbc$gISBD 912 $a990000825320203316 951 $aXXX.B. Coll. 71/ 4 (COLL. HNE 10)$b71390 EC$cXXX.B. Coll. 71/ 4 (COLL. HNE)$d00253712 959 $aBK 969 $aECO 979 $aPATTY$b90$c20011228$lUSA01$h1214 979 $c20020403$lUSA01$h1728 979 $aPATRY$b90$c20040406$lUSA01$h1657 979 $aRSIAV4$b90$c20091215$lUSA01$h1528 996 $aSistema informativo contabile delle imprese pubbliche locali$9428816 997 $aUNISA LEADER 02404nam 2200397 450 001 9910162723503321 005 20230810001945.0 010 $a1-5235-0019-0 035 $a(CKB)3710000001043985 035 $a(MiAaPQ)EBC4730059 035 $a(EXLCZ)993710000001043985 100 $a20170213h20172017 uy 0 101 0 $aeng 135 $aurcnu|||||||| 181 $2rdacontent 182 $2rdamedia 183 $2rdacarrier 200 10$aWill it skillet? $e53 irresistible and unexpected recipes to make in a cast-iron skillet /$fDaniel Shumski 210 1$aNew York, [New York] :$cWorkman Publishing,$d2017. 210 4$d©2017 215 $a1 online resource (217 pages) $cillustrations 300 $aIncludes index. 311 $a0-7611-8743-X 327 $aBefore you begin -- Breakfast and brunch -- Snacks, dips, and sides -- Main courses -- Desserts -- Appendix: developing your own skillet recipes -- Conversion tables. 330 $a"Discover a new world of cast-iron cooking. From Dan Shumski, who last applied his out-of-the-box food-loving sensibility to Will It Waffle?, here are 53 surprising, delicious, and ingenious recipes for the cast-iron skillet. Savor the simplicity of Toast with Olive Oil and Tomato, because you just can't achieve that perfect oil-toasted crust in a toaster. For Homemade Corn Tortillas, no special equipment required--use the pan to flatten and cook them. (Then serve your tortillas with Single-Skillet Carnitas or Charred Tomato Salsa--or make Chilaquiles.) Take popcorn to another level with clarified butter. Enjoy a Spinach and Feta Dip that stays warm from the residual heat of the pan. Plus pastas that come together in one skillet--no separate boiling required; perfectly charred roasted vegetables; beautiful breads and pizzas; and luscious desserts from a giant chocolate chip cookie to the sophisticated Layered Crepe Torte with Dark Chocolate and Raspberry Jam. Includes detailed information on buying, seasoning, and caring for your cast-iron skillet--and turning it into a nonstick kitchen workhorse"--$cProvided by publisher. 606 $aSkillet cooking 615 0$aSkillet cooking. 676 $a641.77 700 $aShumski$b Daniel$01245423 801 0$bMiAaPQ 801 1$bMiAaPQ 801 2$bMiAaPQ 906 $aBOOK 912 $a9910162723503321 996 $aWill it skillet$92888416 997 $aUNINA